| 000 | 01104nam a2200241Ia 4500 | ||
|---|---|---|---|
| 999 |
_c53297 _d53297 |
||
| 001 | 20338 | ||
| 003 | GE_BSU | ||
| 005 | 20200925220035.0 | ||
| 008 | 181216s1984||||ge |||||||||||||| ||geo|| | ||
| 040 | _cGE_BSU | ||
| 041 | _ageo | ||
| 080 | _a811.353.1'35(075.3) შ-19 | ||
| 100 |
_aშალამბერიძე, გიორგი _98279 |
||
| 245 |
_aქართული მართლწერა : [ზოგადსაგანმ. საშ. სკოლის დამხმ. სახელმძღვ.] / _cგიორგი შალამბერიძე ; რედ. ე. პოლოლიკაშვილი |
||
| 250 | _aმე-4 გადამუშავებული გამოცემა | ||
| 264 |
_aთბილისი : _bგანათლება, _c1984. |
||
| 300 |
_a195 გვ. ; _c21 სმ. |
||
| 541 | _h6ლ. | ||
| 653 | _aქართული ენა | ||
| 653 | _aქართული მართლწერა | ||
| 700 |
_aპოლოლიკაშვილი, ე. _eრედაქტორი _94959 |
||
| 942 |
_cBK _2udc |
||